[Event "Bizkaia-ch"]
[Site "Bilbao"]
[Date "2018.11.24"]
[Round "6"]
[White "Eiguren Martinez, Kepa"]
[Black "Leniz Markes, Inaki"]
[Result "1/2-1/2"]
[WhiteElo "844"]
[BlackElo "1931"]
[PlyCount "46"]
[EventDate "2018.10.20"]
[EventType "swiss"]
[EventRounds "6"]
[EventCountry "ESP"]
[SourceTitle "CBM 187 Extra"]
[Source "ChessBase"]
[SourceDate "2018.11.04"]
[SourceVersion "1"]
[SourceVersionDate "2018.11.04"]
[SourceQuality "1"]

1. d4 d6 2. e4 Nf6 3. Nc3 e5 4. dxe5 dxe5 5. Qxd8+ Kxd8 6. Bc4 Bb4 7. Bd2 Ke7 8. Nf3 Nbd7 9. 0-0-0 Bc5 10. Bg5 c6 11. Bh4 b5 12. Bb3 a5 13. a4 b4 14. Ne2 h6 15. Nd2 Ba6 16. Bc4 Bxc4 17. Nxc4 g5 18. Bg3 Nxe4 19. f3 Nxg3 20. Nxg3 Ke6 21. h4 Nb6 22. Ne4 Nxc4 23. Nxc5+ Kf6 1/2-1/2